000 00340nam a2200145Ia 4500
100 _aSchneider G.M & bruell S.C
942 _cBK
654 _apascal
245 _aAdvanced programming and problem solving with pascal
260 _bJohn wiley
_aSingapore
_c1987
082 _a005.13P
300 _a621
546 _aENGLISH
999 _c32735
_d32735